[Event "AUTO-OPEN-1339"]
[Site "http://www.queenalice.com/game.php?id=568118"]
[Date "2009.4.7"]
[Round "2"]
[White "Lima7"]
[Black "biano"]
[Result "0-1"]
[WhiteElo "1866"]
[BlackElo "1792"]

1. e4 e6 2. d4 d5 3. Nd2 Nf6 4. e5 Nfd7 5. Bd3 c5 6. c3 Nc6 7. Ne2 Be7 8. O-O
O-O 9. Nf3 b6 10. Be3 Bb7 11. Qc2 g6 12. Bh6 Re8 13. Qd2 Bf8 14. Bb5 a6 15. Bxc6
Bxc6 16. Bg5 Be7 17. Bxe7 Qxe7 18. Rac1 cxd4 19. cxd4 Rac8 20. Rc2 Bb5 21. Rfc1
Rc4 22. b3 Rxc2 23. Rxc2 Nb8 24. Qh6 Qf8 25. Qg5 Rc8 26. Rxc8 Qxc8 27. Ng3 Qf8
28. Nh5 Kh8 0-1

[Event "AUTO-OPEN-1339"]
[Site "http://www.queenalice.com/game.php?id=568119"]
[Date "2009.4.7"]
[Round "2"]
[White "biano"]
[Black "Lima7"]
[Result "1-0"]
[WhiteElo "1771"]
[BlackElo "1887"]

1. e4 c5 2. Nf3 d6 3. d4 cxd4 4. Nxd4 Nf6 5. Nc3 a6 6. f4 e6 7. Qf3 e5 8. fxe5
dxe5 9. Nf5 Nc6 10. Bd3 g6 11. Ne3 h5 12. Ncd5 Nxd5 13. Nxd5 Bg7 14. O-O O-O 15.
c4 Nd4 16. Qd1 Bg4 17. Qd2 Rc8 18. b3 Be6 19. Bb2 Bxd5 20. exd5 Qb6 21. Kh1 Rcd8
22. Bc3 Rfe8 23. Be4 Qc7 24. Rae1 Rc8 25. Bd3 b5 26. h3 Kh7 27. Bxd4 exd4 28.
Rf2 Bh6 29. Qd1 Rxe1+ 30. Qxe1 1-0

[Event "AUTO-OPEN-1366"]
[Site "http://www.queenalice.com/game.php?id=586034"]
[Date "2009.5.10"]
[Round "2"]
[White "saturnin"]
[Black "Lima7"]
[Result "0-1"]
[WhiteElo "1561"]
[BlackElo "2102"]

1. d4 d5 2. c3 Nf6 3. b4 Bf5 4. Nf3 Nbd7 5. e3 c6 6. Nbd2 Ne4 7. a3 Ndf6 8. Ne5
Nxc3 9. Qb3 Nce4 10. Nxe4 Nxe4 11. a4 e6 12. b5 Qa5+ 13. Ke2 f6 14. Nf3 Nc3+ 15.
Kd2 Nxb5+ 16. Ke2 Nd6 17. Bd2 Qc7 18. h3 Nc4 19. Bc1 Bd6 20. g4 Be4 21. h4 c5
22. Rg1 cxd4 23. exd4 a6 24. Qd1 Rc8 25. g5 Qf7 26. Qb3 fxg5 27. Nxg5 Qh5+ 28.
f3 Bf5 29. Rh1 h6 30. Qxb7 O-O 31. Ke1 hxg5 32. Bxg5 Qxf3 33. Rg1 Qc3+ 34. Ke2
Bd3+ 35. Kd1 Nb2+ 36. Qxb2 Qxb2 37. Bc1 Qxa1 38. Bxd3 Qxc1+ 39. Ke2 Qxg1 40.
Bxa6 Rc3 41. Kd2 Qe3+ 42. Kd1 Rc1# 0-1

[Event "AUTO-OPEN-1366"]
[Site "http://www.queenalice.com/game.php?id=586035"]
[Date "2009.5.10"]
[Round "2"]
[White "Lima7"]
[Black "saturnin"]
[Result "1-0"]
[WhiteElo "2103"]
[BlackElo "1630"]

1. e4 e5 2. Nf3 d6 3. d4 Nc6 4. dxe5 Bg4 5. exd6 cxd6 6. Nc3 Be7 7. Bb5 Bf6 8.
Nd5 a6 9. Ba4 b5 10. Bb3 Nd4 11. Be3 Nxf3+ 12. gxf3 Bh5 13. c3 Ne7 14. Nxf6+
gxf6 15. Qd2 Bxf3 16. Rg1 Bxe4 17. O-O-O f5 18. Qxd6 Bf3 19. Qxd8+ Rxd8 20.
Rxd8+ Kxd8 21. Bxf7 Nc6 22. Rg8+ Rxg8 23. Bxg8 h5 24. Bg5+ Ke8 25. Kd2 Ne7 26.
Be6 a5 27. Bxe7 Kxe7 28. Bxf5 Kf6 29. Bd7 Ke7 30. Bxb5 h4 31. Ke3 Bg4 32. Kf4
1-0

[Event "AUTO-OPEN-1366"]
[Site "http://www.queenalice.com/game.php?id=586042"]
[Date "2009.5.10"]
[Round "2"]
[White "danielcostasp"]
[Black "Lima7"]
[Result "1-0"]
[WhiteElo "1777"]
[BlackElo "1912"]

1. e4 c5 2. c4 Nc6 3. d3 Nf6 4. f4 e6 5. Nf3 d5 6. cxd5 exd5 7. e5 Ng4 8. Be2
Be7 9. O-O f6 10. d4 c4 11. h3 Nh6 12. Nc3 O-O 13. f5 Bxf5 14. Nh4 Be6 15. b3
fxe5 16. Nf3 e4 17. Ne1 Rxf1+ 18. Kxf1 Qf8+ 19. Kg1 Qf6 20. Nc2 Rf8 21. Ne3 1-0

[Event "AUTO-OPEN-1366"]
[Site "http://www.queenalice.com/game.php?id=586043"]
[Date "2009.5.10"]
[Round "2"]
[White "Lima7"]
[Black "danielcostasp"]
[Result "0-1"]
[WhiteElo "1935"]
[BlackElo "1754"]

1. e4 c5 2. c3 e6 3. d4 cxd4 4. cxd4 d6 5. Nf3 Nc6 6. Nc3 Nf6 7. Bb5 Be7 8. O-O
O-O 9. e5 dxe5 10. dxe5 Nd7 11. a3 a6 12. Bxc6 bxc6 13. b4 Bb7 14. Qb3 c5 15.
Rd1 Bxf3 16. gxf3 Bh4 17. Be3 cxb4 18. axb4 Qe7 19. Ra5 Bg5 20. Ne4 Bxe3 0-1

[Event "AUTO-OPEN-1366"]
[Site "http://www.queenalice.com/game.php?id=586048"]
[Date "2009.5.10"]
[Round "2"]
[White "Lima7"]
[Black "jotat"]
[Result "0-1"]
[WhiteElo "1954"]
[BlackElo "2288"]

1. e4 e6 2. d4 d5 3. Nd2 Nf6 4. e5 Nfd7 5. Bd3 c5 6. c3 Nc6 7. Ne2 cxd4 8. cxd4
Nb6 9. Nf3 Bb4+ 10. Bd2 O-O 11. O-O f6 12. a3 Bxd2 13. Qxd2 fxe5 14. Nxe5 Nxe5
15. dxe5 Nd7 16. Qe3 Re8 17. Rac1 Qb6 18. Qh3 Nf8 19. Rc2 Bd7 20. b4 Rac8 21.
Rfc1 Rxc2 22. Rxc2 Bb5 23. Bxb5 Qxb5 24. Nf4 Qa4 25. Qc3 Nd7 26. h3 Re7 27. Qc8+
Nf8 28. Rc3 Qd1+ 29. Kh2 Qd4 30. Nd3 b6 31. a4 Kf7 32. Rc1 Qxd3 33. Rc3 Qd1 34.
Rf3+ Qxf3 35. gxf3 Ng6 36. Qc2 Nxe5 37. Qxh7 Nxf3+ 38. Kg3 Nd2 39. Qh5+ Kg8 40.
Qh4 Ne4+ 41. Kg2 Nf6 42. Qf4 e5 43. Qc1 Kf7 44. a5 bxa5 0-1

[Event "AUTO-OPEN-1366"]
[Site "http://www.queenalice.com/game.php?id=586049"]
[Date "2009.5.10"]
[Round "2"]
[White "jotat"]
[Black "Lima7"]
[Result "1-0"]
[WhiteElo "2266"]
[BlackElo "2103"]

1. e4 c5 2. b4 cxb4 3. a3 e5 4. Nf3 Nc6 5. Bb5 Nd4 6. Nxd4 exd4 7. O-O Qb6 8.
Bc4 g6 9. Qf3 Qf6 10. Qxf6 Nxf6 11. Bb2 bxa3 12. Bxd4 Bg7 13. e5 Ng4 14. f3 Nh6
15. Nxa3 Nf5 16. Nb5 O-O 17. Bc3 a6 18. Nc7 Rb8 19. Bd5 d6 20. g4 Ne7 21. exd6
Nxd5 22. Nxd5 Be6 23. Ne7+ Kh8 24. Bxg7+ Kxg7 25. Rfb1 f5 26. g5 Kf7 27. Rb6
Rfd8 28. Re1 Rd7 29. d4 Bc4 30. Rb4 b5 31. Nc6 Re8 32. Ne5+ 1-0

[Event "Challenge"]
[Site "http://www.queenalice.com/game.php?id=586356"]
[Date "2009.5.10"]
[Round "-"]
[White "limonois"]
[Black "Lima7"]
[Result "1-0"]
[WhiteElo "2351"]
[BlackElo "2095"]

1. e4 c5 2. d4 cxd4 3. Nf3 Nc6 4. Nxd4 Nf6 5. Nc3 a6 6. Be3 d6 7. Bc4 e6 8. Qe2
Be7 9. Bb3 O-O 10. O-O-O Nxd4 11. Bxd4 Bd7 12. f4 Rc8 13. e5 dxe5 14. fxe5 Ne8
15. Kb1 Qc7 16. a3 Bc6 17. Rhf1 Bg5 18. Qg4 Qe7 19. Ne4 Bxe4 20. Qxe4 b5 21. h4
Bh6 22. g4 g6 23. h5 a5 24. hxg6 hxg6 25. Rh1 Kg7 26. Be3 Bg5 27. Qf3 f5 28.
Bxg5 Qxg5 29. Rd7+ Rf7 30. Qd3 Nc7 31. Rxf7+ 1-0

[Event "AUTO-ADV-1125"]
[Site "http://www.queenalice.com/game.php?id=590598"]
[Date "2009.5.19"]
[Round "2"]
[White "reghini"]
[Black "Lima7"]
[Result "1-0"]
[WhiteElo "1812"]
[BlackElo "2060"]

1. e4 c5 2. Nf3 d6 3. Bb5+ Bd7 4. Bxd7+ Nxd7 5. d3 Ngf6 6. Nc3 e6 7. O-O Be7 8.
Ne1 O-O 9. f4 d5 10. e5 Ne8 11. Qg4 g6 12. f5 Nxe5 13. Qh3 exf5 14. Bh6 Ng7 15.
Kh1 d4 16. Ne2 Re8 17. Nf3 Nxf3 18. Qxf3 Rb8 19. Nf4 Ne6 20. Nxe6 fxe6 21. Rf2
Bg5 22. Bxg5 Qxg5 23. g3 Re7 24. Raf1 Kg7 25. h4 Qf6 26. Kh2 e5 27. Re1 Rd8 28.
a3 Qc6 29. Qd1 b5 30. h5 Rf8 31. Kg1 e4 32. Rh2 e3 33. h6+ 1-0

[Event "AUTO-ADV-1125"]
[Site "http://www.queenalice.com/game.php?id=590599"]
[Date "2009.5.19"]
[Round "2"]
[White "Lima7"]
[Black "reghini"]
[Result "1-0"]
[WhiteElo "2084"]
[BlackElo "1891"]

1. e4 e5 2. Nf3 d6 3. d4 Bg4 4. dxe5 Bxf3 5. Qxf3 dxe5 6. Nc3 Nf6 7. Bc4 Nbd7 8.
O-O Be7 9. Bg5 O-O 10. Rad1 Qe8 11. Qf5 c6 12. Rd3 Qd8 13. Rfd1 g6 14. Qh3 Qc7
15. Rxd7 Nxd7 16. Rxd7 Qb6 17. Rxe7 Qd4 18. Bf6 h5 19. Bd3 b5 20. Bxe5 Qb4 21.
Qh4 Qxb2 22. Qg5 1-0

[Event "AUTO-ADV-1125"]
[Site "http://www.queenalice.com/game.php?id=590602"]
[Date "2009.5.19"]
[Round "2"]
[White "Lima7"]
[Black "pgierech"]
[Result "1-0"]
[WhiteElo "2092"]
[BlackElo "1932"]

1. e4 d5 2. exd5 Qxd5 3. Nc3 Qa5 4. d4 c6 5. Nf3 Bg4 6. Bc4 e6 7. Bd2 Qh5 8. a3
Bxf3 9. Qxf3 Qxf3 10. gxf3 Nf6 11. O-O-O Nbd7 12. Rhg1 g6 13. Ne4 Be7 14. Bf4
Nd5 15. Bxd5 exd5 16. Nd6+ Kf8 17. Nxb7 Bh4 18. Bg3 Bf6 19. c3 Kg7 20. Rde1 Rhe8
21. Nd6 Rxe1+ 22. Rxe1 h5 23. h3 Rb8 24. Ne8+ Kh7 25. Nxf6+ 1-0

[Event "AUTO-ADV-1125"]
[Site "http://www.queenalice.com/game.php?id=590603"]
[Date "2009.5.19"]
[Round "2"]
[White "pgierech"]
[Black "Lima7"]
[Result "1-0"]
[WhiteElo "1959"]
[BlackElo "1951"]

1. e4 c5 2. Nf3 d6 3. d4 cxd4 4. Nxd4 Nf6 5. Nc3 a6 6. Be3 e6 7. Be2 Be7 8. O-O
O-O 9. Qd2 Bd7 10. f4 Nc6 11. Nf3 b5 12. a3 Rc8 13. e5 dxe5 14. fxe5 Ng4 15. Bg5
Bxg5 16. Nxg5 Ngxe5 17. Nce4 Qb6+ 18. Kh1 Rfd8 19. Qf4 f6 20. Nf3 Nxf3 21. Bxf3
Ne5 22. Rac1 Nc4 23. Rb1 Be8 24. Bg4 e5 25. Qg3 Bd7 26. Be2 Kh8 27. Rfd1 Bf5 28.
Nc3 Bxc2 29. Rxd8+ Rxd8 30. Rc1 Bb3 31. Ne4 Qd4 32. Nf2 Qxb2 33. Re1 Qxa3 34.
Bd3 Ba4 35. Qh3 h6 36. Qf5 Rxd3 37. Nxd3 Bc2 38. Qc8+ Kh7 39. Qf5+ Kg8 40. Qc8+
Qf8 41. Qe6+ Kh8 42. Qxa6 Bxd3 43. Qxb5 1-0

[Event "AUTO-OPEN-1349"]
[Site "http://www.queenalice.com/game.php?id=604524"]
[Date "2009.6.16"]
[Round "2"]
[White "Pagano"]
[Black "Lima7"]
[Result "1-0"]
[WhiteElo "2117"]
[BlackElo "2074"]

1. f4 d5 2. Nf3 c5 3. b3 Nc6 4. Bb2 Nf6 5. e3 Bf5 6. Bb5 Qc7 7. Ne5 a6 8. Bxc6+
bxc6 9. g4 Be4 10. O-O h6 11. d3 Bg6 12. Nxg6 fxg6 13. Nd2 O-O-O 14. Qe2 g5 15.
d4 cxd4 16. Qxa6+ Qb7 17. Qxb7+ Kxb7 18. Bxd4 Nxg4 19. fxg5 hxg5 20. Nf3 Rh5 21.
Kg2 g6 22. h3 Nh6 23. Ne5 1-0

[Event "AUTO-OPEN-1349"]
[Site "http://www.queenalice.com/game.php?id=604525"]
[Date "2009.6.16"]
[Round "2"]
[White "Lima7"]
[Black "Pagano"]
[Result "0-1"]
[WhiteElo "2089"]
[BlackElo "2106"]

1. e4 c6 2. d4 d5 3. exd5 cxd5 4. c4 e6 5. Nf3 Nf6 6. Nc3 Bb4 7. Bd2 O-O 8. a3
Bxc3 9. bxc3 b6 10. Bd3 dxc4 11. Bxc4 Ba6 12. Bxa6 Nxa6 13. O-O Nc7 14. Bg5 h6
15. Bh4 Rc8 16. Ne5 Nb5 17. Ng4 Nxc3 18. Nxf6+ Qxf6 19. Bxf6 Nxd1 20. Bxg7 Kxg7
21. Rfxd1 Rfd8 22. Rd3 Rc2 23. g3 Kf6 0-1

[Event "AUTO-OPEN-1349"]
[Site "http://www.queenalice.com/game.php?id=604528"]
[Date "2009.6.16"]
[Round "2"]
[White "Marquinhos"]
[Black "Lima7"]
[Result "1-0"]
[WhiteElo "2405"]
[BlackElo "1889"]

1. d4 d5 2. Nf3 Nf6 3. c4 c6 4. Nc3 dxc4 5. a4 Bf5 6. Ne5 Nbd7 7. Nxc4 Nb6 8.
Ne5 a5 9. f3 Nfd7 10. Nxd7 Qxd7 11. e4 Bg6 12. Be3 Qc7 13. d5 e6 14. dxe6 fxe6
15. Qb3 Nd7 16. Qxe6+ 1-0

[Event "AUTO-OPEN-1349"]
[Site "http://www.queenalice.com/game.php?id=604529"]
[Date "2009.6.16"]
[Round "2"]
[White "Lima7"]
[Black "Marquinhos"]
[Result "0-1"]
[WhiteElo "1891"]
[BlackElo "2404"]

1. e4 e5 2. Nf3 Nc6 3. Bc4 Nf6 4. d3 Be7 5. O-O O-O 6. Re1 d6 7. h3 Na5 8. Bb5
c6 9. Ba4 b5 10. Bb3 Nd7 11. c3 Nxb3 12. axb3 Qc7 13. Be3 a5 14. c4 bxc4 15.
bxc4 Bb7 16. Nc3 f5 0-1

[Event "Desafio #1"]
[Site "http://www.queenalice.com/game.php?id=615205"]
[Date "2009.7.8"]
[Round "-"]
[White "Aylton"]
[Black "Lima7"]
[Result "1-0"]
[WhiteElo "1931"]
[BlackElo "2022"]

1. d4 d5 2. Nf3 Nf6 3. e3 e6 4. c4 Nbd7 5. Nc3 a6 6. Be2 dxc4 7. Bxc4 b5 8. Bd3
Bb7 9. h3 c5 10. O-O Be7 11. Bb1 O-O 12. a3 Rc8 13. dxc5 Nxc5 14. Nd4 Nce4 15.
Nxe4 Nxe4 16. f3 Nf6 17. b4 Qc7 18. Qd3 Qg3 19. Ne2 Qh4 20. e4 Rfd8 21. Qb3 Nh5
22. Be3 Ng3 23. Nxg3 Qxg3 24. Bf2 Qe5 25. Ba2 Bd6 26. g3 Rc3 27. Qd1 1-0

[Event "Desafio #2"]
[Site "http://www.queenalice.com/game.php?id=615206"]
[Date "2009.7.8"]
[Round "-"]
[White "Lima7"]
[Black "Aylton"]
[Result "1/2-1/2"]
[WhiteElo "2036"]
[BlackElo "1918"]

1. e4 c5 2. c3 e6 3. d4 d5 4. e5 cxd4 5. cxd4 Nc6 6. Nf3 a6 7. a3 Nge7 8. Bg5
Qb6 9. b4 h6 10. Bxe7 Bxe7 11. Nc3 O-O 12. Na4 Qd8 13. Bd3 b5 14. Nc5 Bxc5 15.
dxc5 Bb7 16. O-O Qc7 17. Re1 f5 18. Qd2 Rae8 19. Rad1 Bc8 20. h4 Qe7 21. Be2 Qc7
22. Bd3 1/2-1/2

[Event "Challenge"]
[Site "http://www.queenalice.com/game.php?id=615879"]
[Date "2009.7.9"]
[Round "-"]
[White "gedalias"]
[Black "Lima7"]
[Result "1-0"]
[WhiteElo "1996"]
[BlackElo "1847"]

1. e4 c5 2. Nf3 d6 3. d4 cxd4 4. Nxd4 Nf6 5. Nc3 a6 6. Bg5 e6 7. Nf3 Be7 8. Bd3
Nbd7 9. O-O O-O 10. Qe2 b5 11. e5 dxe5 12. Bxf6 Bxf6 13. Ne4 Bb7 14. Nfd2 Rc8
15. Qh5 g6 16. Qf3 Bg7 17. Qe2 Nb6 18. Nb3 Qd5 19. f3 Nc4 20. c3 1-0

[Event "Challenge"]
[Site "http://www.queenalice.com/game.php?id=630549"]
[Date "2009.8.4"]
[Round "-"]
[White "brunofernandes"]
[Black "Lima7"]
[Result "1-0"]
[WhiteElo "2201"]
[BlackElo "2031"]

1. e4 c5 2. Nf3 d6 3. d4 cxd4 4. Nxd4 Nf6 5. Nc3 a6 6. Bg5 e6 7. f4 Be7 8. Qf3
Qc7 9. O-O-O Nbd7 10. Bd3 b5 11. Rhe1 1-0